Acerte quais partidos já tiveram presidenciáveis. - Statistics

Estatísticas Gerais
  • Esse quiz foi jogado 152 vezes
  • A pontuação média é 23 de 47
Estatísticas das Respostas
Resposta % Correto
PT
100%
PL
94%
PL
94%
PSD
88%
PSDB
84%
MDB
80%
PP
75%
PDT
74%
PMDB
74%
PSOL
74%
PCB
73%
PCB
73%
PTB
72%
PV
69%
PSB
66%
PSL
65%
PCO
59%
PSTU
59%
NOVO
58%
UNIÃO BRASIL
58%
REDE
55%
PSC
48%
PRTB
47%
PODEMOS
46%
PDS
44%
PMB
44%
UP
44%
DC
43%
PPS
43%
PFL
40%
PRN
40%
PMN
37%
PRONA
32%
PTdoB
32%
PATRIOTA
30%
PRP
29%
PSDC
28%
PTN
28%
PPB
27%
PPL
22%
PSP
20%
PPR
19%
PN
17%
PSN
16%
PCN
11%
PDCdoB
11%
PLP
9%
Nenhum quiz correspondente encontrado
Distribuição das Pontuações
Porcentagem de Pessoas com Cada Pontuação
Percentil de Números Respondidos
Sua Pontuação Histórica
Você não jogou esse quiz